Digital photogrammetry (Record no. 101651)
[ view plain ]
| 000 -LEADER | |
|---|---|
| fixed length control field | 00890cam a2200253 4500 |
| 008 - FIXED-LENGTH DATA ELEMENTS--GENERAL INFORMATION | |
| fixed length control field | 010921n2002 000 0 eng u |
| 020 ## - INTERNATIONAL STANDARD BOOK NUMBER | |
| International Standard Book Number | 0748409459 |
| 035 ## - SYSTEM CONTROL NUMBER | |
| System control number | (Sirsi) u114734 |
| 100 ## - MAIN ENTRY--PERSONAL NAME | |
| Personal name | Egels, Y. |
| 245 ## - TITLE STATEMENT | |
| Title | Digital photogrammetry |
| 260 ## - PUBLICATION, DISTRIBUTION, ETC. | |
| Place of publication, distribution, etc. | London |
| Name of publisher, distributor, etc. | Taylor and Francis |
| Date of publication, distribution, etc. | 2002 |
| 300 ## - PHYSICAL DESCRIPTION | |
| Extent | xv, 351p. ; 24cm. |
| 350 ## - PRICE (NR) (BK AM CF MU VM SE) [OBSOLETE] | |
| Price | 29.99 |
| 520 ## - SUMMARY, ETC. | |
| Summary, etc. | This book shows non-experts what digital photogrammetry is and what the software does. It also aims to give specialists an overview of these totally digital processes from A to Z. It is intended to serves as a textbook for graduate students, young engineers and University lecturers. |
| 650 ## - SUBJECT ADDED ENTRY--TOPICAL TERM | |
| Topical term or geographic name entry element | PHOTOGRAMMETRY |
| 650 ## - SUBJECT ADDED ENTRY--TOPICAL TERM | |
| Topical term or geographic name entry element | MAPPING |
| 650 ## - SUBJECT ADDED ENTRY--TOPICAL TERM | |
| Topical term or geographic name entry element | DIGITAL PHOTOGRAMMETRY |
| 650 ## - SUBJECT ADDED ENTRY--TOPICAL TERM | |
| Topical term or geographic name entry element | GIS |
| 650 ## - SUBJECT ADDED ENTRY--TOPICAL TERM | |
| Topical term or geographic name entry element | GIS |
| 650 ## - SUBJECT ADDED ENTRY--TOPICAL TERM | |
| Topical term or geographic name entry element | LAND SURVEYING |
| 690 ## - LOCAL SUBJECT ADDED ENTRY--TOPICAL TERM (OCLC, RLIN) | |
| Topical term or geographic name as entry element | GEOMATICS-PHOTOGRAMMETRY |
| 700 ## - ADDED ENTRY--PERSONAL NAME | |
| Personal name | Kasser, M. |
| 942 ## - ADDED ENTRY ELEMENTS (KOHA) | |
| Suppress in OPAC | 0 |
| Withdrawn status | Lost status | Source of classification or shelving scheme | Damaged status | Not for loan | Home library | Current library | Shelving location | Date acquired | Cost, normal purchase price | Total Checkouts | Full call number | Barcode | Date last seen | Date last checked out | Copy number | Cost, replacement price | Price effective from | Koha item type |
|---|---|---|---|---|---|---|---|---|---|---|---|---|---|---|---|---|---|---|
| Dewey Decimal Classification | London | London | Books | 09/01/2002 | 25.49 | 2 | 526.982 KASS | 30065304 | 06/08/2019 | 16/07/2004 | 1 | 25.49 | 06/08/2019 | Book |